<?xml version="1.0" encoding="UTF-8"?>
<record
    xmlns:xsi="http://www.w3.org/2001/XMLSchema-instance"
    xsi:schemaLocation="http://www.loc.gov/MARC21/slim http://www.loc.gov/standards/marcxml/schema/MARC21slim.xsd"
    xmlns="http://www.loc.gov/MARC21/slim">

  <leader>06600nam a22002537a 4500</leader>
  <controlfield tag="005">20240305165430.0</controlfield>
  <controlfield tag="007">cr||||   |||| </controlfield>
  <controlfield tag="008">150519s2015    br |||||s|||| 00||0 por d</controlfield>
  <datafield tag="020" ind1=" " ind2=" ">
    <subfield code="a">978-85-361-8320-6</subfield>
  </datafield>
  <datafield tag="035" ind1=" " ind2=" ">
    <subfield code="a">12709</subfield>
  </datafield>
  <datafield tag="040" ind1=" " ind2=" ">
    <subfield code="a">vLex</subfield>
  </datafield>
  <datafield tag="090" ind1=" " ind2=" ">
    <subfield code="c">5446</subfield>
    <subfield code="d">5446</subfield>
  </datafield>
  <datafield tag="100" ind1="1" ind2=" ">
    <subfield code="a">Saad, Eduardo Gabriel</subfield>
  </datafield>
  <datafield tag="245" ind1="1" ind2="0">
    <subfield code="a">Consolida&#xE7;&#xE3;o das Leis do Trabalho comentada</subfield>
    <subfield code="h">[Recurso electr&#xF3;nico] /</subfield>
    <subfield code="c">Eduardo Gabriel Saad</subfield>
    <subfield code="n">48&#xAA; Edi&#xE7;&#xE3;o 2015</subfield>
  </datafield>
  <datafield tag="256" ind1=" " ind2=" ">
    <subfield code="a">Servicio en l&#xED;nea</subfield>
  </datafield>
  <datafield tag="260" ind1=" " ind2=" ">
    <subfield code="a">San Pablo:</subfield>
    <subfield code="b">LTR Editora,</subfield>
    <subfield code="c">2015</subfield>
  </datafield>
  <datafield tag="300" ind1=" " ind2=" ">
    <subfield code="a">1 recurso electr&#xF3;nico</subfield>
  </datafield>
  <datafield tag="500" ind1=" " ind2=" ">
    <subfield code="a">Esgotou-se a edi&#xE7;&#xE3;o anterior desta obra, o que demonstra o pr&#xF3;prio interesse dos generosos leitores, cultores do direito do trabalho, que &#xE9; um dos ramos mais din&#xE2;micos do direito.  Esse dinamismo do direito do trabalho &#xE9; explicado pelo simples fato de que, na &#xFA;ltima cent&#xFA;ria, as ci&#xEA;ncias e a tecnologia desenvolveram-se de modo consider&#xE1;vel, dando nascimento a in&#xFA;meras atividades econ&#xF4;micas que, por sua vez, geraram rela&#xE7;&#xF5;es intersubjetivas que transcendiam o disciplinamento do direito tradicional. Novas categorias jur&#xED;dicas surgiram em todos os campos do direito.&#xA0;&#xA0; A nova situa&#xE7;&#xE3;o repercutiu com maior intensidade no direito do trabalho. &#xC9; que em todos os novos campos de atividades humanas abertos pelo progresso da ci&#xEA;ncia e da tecnologia solicitou-se o concurso do trabalho remunerado. A par disso, antigos contratos laborais tiveram de adaptar-se aos novos tempos. Em v&#xE1;rias passagens desta obra, s&#xE3;o focalizados os reflexos da globaliza&#xE7;&#xE3;o econ&#xF4;mica em nossas estruturas sociais, alertando-se os poderes p&#xFA;blicos sobre a premente necessidade de preparar nossas institui&#xE7;&#xF5;es para os tempos que j&#xE1; estamos vivendo intensamente. Sustentamos que se faz mister o alijamento, do nosso ordenamento jur&#xED;dico, de normas que, por sua obsolesc&#xEA;ncia, deixaram de ser &#xFA;teis &#xE0; din&#xE2;mica social. Permanecemos fieis a ideias de que a inger&#xEA;ncia do Estado, nas rela&#xE7;&#xF5;es de trabalho, deve ser pautada pelos interesses do bem comum. A nosso sentir, essa interven&#xE7;&#xE3;o estatal, nas rela&#xE7;&#xF5;es entre o Capital e o Trabalho, perde legitimidade quando vai al&#xE9;m daqueles interesses.  Na intensa campanha que ora &#xE9; feita de &#x93;enxugamento da CLT&#x94;, n&#xE3;o se pode perder de vista aquelas denominadas cl&#xE1;usulas p&#xE9;treas constitucionais, que precisam ser respeitadas nessa necess&#xE1;ria reforma trabalhista. Estudos detalhados acerca dessa palpitante mat&#xE9;ria foram realizados, apontando-se, inclusive, um roteiro seguro para que nossos Governantes realizem essa reforma trabalhista, reforma essa que n&#xE3;o poder&#xE1; violentar a natureza do Ser Humano.  Atente-se que, mesmo nos pa&#xED;ses em que a inger&#xEA;ncia do Poder P&#xFA;blico &#xE9; bem menor que a nossa, sempre h&#xE1; normas legais regulando institutos de import&#xE2;ncia fundamental, tais como o sal&#xE1;rio m&#xED;nimo, o direito de greve, a seguran&#xE7;a e sa&#xFA;de do trabalhador etc.  &#xC9; ut&#xF3;pico entregar-se, inteiramente, aos particulares a tarefa de disciplinar todos os aspectos das rela&#xE7;&#xF5;es individuais e coletivas de trabalho. De outra parte, a experi&#xEA;ncia estrangeira deixa bem patente que contratos coletivos de &#xE2;mbito nacional e interprofissional n&#xE3;o produziram bons resultados.  Se de um lado, os sindicatos n&#xE3;o podem ser usurpados em sua principal fun&#xE7;&#xE3;o que &#xE9; a de lutar por melhores condi&#xE7;&#xF5;es de vida dos assalariados, de um outro, sobretudo em pa&#xED;s continental como o nosso que apresenta diversos graus de desenvolvimento socioecon&#xF4;mico em todo seu territ&#xF3;rio, &#xE9; imposs&#xED;vel estabelecer-se uniforme regramento legal da quest&#xE3;o trabalhista. Essa realidade atual exige um direito coletivo do trabalho adapt&#xE1;vel &#xE0;s peculiaridades de cada regi&#xE3;o do nosso Pa&#xED;s. Da&#xED; propugnarmos, nesse roteiro de uma Reforma Trabalhista, que ela se inicie pelo Direito Coletivo do Trabalho, sem falar da necess&#xE1;ria elabora&#xE7;&#xE3;o da Lei Complementar, que fixe os limites da legisla&#xE7;&#xE3;o supletiva em mat&#xE9;ria trabalhista pelos Estados.  A par disso, dever&#xE1; haver a compatibiliza&#xE7;&#xE3;o dos pactos coletivos com o pluralismo sindical. E, por fim, a redu&#xE7;&#xE3;o do casu&#xED;smo da CLT provocar&#xE1;, consequentemente, uma dilata&#xE7;&#xE3;o do campo reservado &#xE0; negocia&#xE7;&#xE3;o coletiva.  Nesta edi&#xE7;&#xE3;o, al&#xE9;m do estudo das altera&#xE7;&#xF5;es legislativas ocorridas nestes &#xFA;ltimos doze meses e sua repercuss&#xE3;o no mundo do trabalho, realizou-se um aprofundamento da an&#xE1;lise destes outros temas, dentre eles: nova sistem&#xE1;tica do Recurso de Revista e os Recursos Repetitivos, conforme a nova Lei n. 13.015/14; a Uniformiza&#xE7;&#xE3;o de Jurisprud&#xEA;ncia redu&#xE7;&#xE3;o do intervalo para refei&#xE7;&#xE3;o; nexo t&#xE9;cnico epidemiol&#xF3;gico e fator acident&#xE1;rio previdenci&#xE1;rio &#x96; FAP; preposto n&#xE3;o empregado; incid&#xEA;ncia de contribui&#xE7;&#xF5;es previdenci&#xE1;rias e fiscais na JT e CCP; repercuss&#xE3;o geral do recurso extraordin&#xE1;rio; embargos de diverg&#xEA;ncia e infringentes; honor&#xE1;rios periciais e a justi&#xE7;a gratuita; dano por culpa ou dolo do empregado; registro de conven&#xE7;&#xF5;es e acordos coletivos; dep&#xF3;sito pr&#xE9;vio para recurso administrativo; o regime celetista na administra&#xE7;&#xE3;o federal direta; greve do funcionalismo p&#xFA;blico; peticionamento eletr&#xF4;nico e a informatiza&#xE7;&#xE3;o processual; a&#xE7;&#xE3;o repetitiva na justi&#xE7;a do trabalho; juros de mora na execu&#xE7;&#xE3;o na Justi&#xE7;a do Trabalho. Por fim, e cumprindo com o objetivo hist&#xF3;rico desta obra de sempre mant&#xEA;-la revista conforme a riqu&#xED;ssima e presente jurisprud&#xEA;ncia trabalhista de nossos Tribunais, centenas de novas decis&#xF5;es inserimos nos diversos artigos comentados da CLT, a par de uma revis&#xE3;o e amplia&#xE7;&#xE3;o de novas entradas do &#xED;ndice alfab&#xE9;tico e remissivo, o que facilitar&#xE1; a localiza&#xE7;&#xE3;o da mat&#xE9;ria a ser estudada. Para facilitar o manuseio de todas as s&#xFA;mulas dos Tribunais Superiores, a obra apresenta um &#xED;ndice unificado que dar&#xE1; uma perfeita vis&#xE3;o da jurisprud&#xEA;ncia do Supremo Tribunal Federal, Superior Tribunal de Justi&#xE7;a e do Tribunal Superior do Trabalho em mat&#xE9;ria trabalhista. Esta edi&#xE7;&#xE3;o faz parte das comemora&#xE7;&#xF5;es do centen&#xE1;rio de nascimento de Eduardo Gabriel Saad (12.5.1915 &#x96; 12.5.2015).</subfield>
  </datafield>
  <datafield tag="506" ind1="1" ind2=" ">
    <subfield code="a">Disponible solo en los productos indicados</subfield>
    <subfield code="d">vLex Global</subfield>
    <subfield code="d">vLex Global (Academic Edition, excluding Law Schools)</subfield>
    <subfield code="d">vLex Global (U.S. Academic Edition, Law Schools)</subfield>
    <subfield code="d">vLex Global (U.S. Academic Edition, excluding Law Schools)</subfield>
    <subfield code="d">vLex Global (Academic Edition, Law Schools)</subfield>
  </datafield>
  <datafield tag="650" ind1="0" ind2="4">
    <subfield code="a">Derecho Laboral y Seguridad Social</subfield>
    <subfield code="z">Brasil</subfield>
  </datafield>
  <datafield tag="740" ind1="0" ind2=" ">
    <subfield code="a">vLex Libros (Servicio en l&#xED;nea)</subfield>
  </datafield>
  <datafield tag="856" ind1="4" ind2="0">
    <subfield code="u">https://app.vlex.com/#/sources/consolida-o-das-leis-do-trabalho-comentada-48-edi-o-2015-12709</subfield>
  </datafield>
  <datafield tag="942" ind1=" " ind2=" ">
    <subfield code="c">RAA</subfield>
  </datafield>
  <datafield tag="952" ind1=" " ind2=" ">
    <subfield code="0">0</subfield>
    <subfield code="1">0</subfield>
    <subfield code="4">0</subfield>
    <subfield code="7">0</subfield>
    <subfield code="8">VLEX</subfield>
    <subfield code="9">321778</subfield>
    <subfield code="a">BD-UIN</subfield>
    <subfield code="b">BD-UIN</subfield>
    <subfield code="d">2024-03-05</subfield>
    <subfield code="l">0</subfield>
    <subfield code="p">12709</subfield>
    <subfield code="r">2024-03-05</subfield>
    <subfield code="w">2024-03-05</subfield>
    <subfield code="y">RAA</subfield>
  </datafield>
  <datafield tag="999" ind1=" " ind2=" ">
    <subfield code="c">163787</subfield>
    <subfield code="d">163787</subfield>
  </datafield>
</record>
